000 00298nam a22001337a 4500
008 170203b xxu||||| |||| 00| 0 eng d
020 _a09660645X
041 _aeng
080 _a61
100 _a3
101 _aSHM
245 _aMEDICAL STUDENT'S POCKET REFERENCE
_cBOOKSTEIN, K
942 _2udc
_cBK
999 _c4463
_d4463